000 00845nam a2200241 a 4500
003 DO-SdBNP
005 20220203095503.0
008 220201e2019 dr ||||er|||| 001 edspa d
020 _a9789945169669
040 _aDO-SdBNP
_bspa
_cBNPHU
082 4 _222
_bC352r
100 1 _911757
_aCastillo Drullard, Pedro Héctor
245 1 0 _aReflexiones de un maestro /
_cPedro H. Castillo Drullard
260 _aSanto Domingo :
_bBúho,
_c2019
300 _a147 p. ;
_c21 cm.
500 _aIncluye datos biográficos del autor en la solapa de la portada.
590 _aInventariado 2022 / MF
650 4 _953399
_aEducación
_xAspectos Sociales
_zRepública Dominicana
650 4 _943389
_aTecnología de la Información
_xAspectos Sociales
650 4 _912704
_aPrevención del Delito
_zRepública Dominicana
910 _aMFeliz
942 _2ddc
_cLBS1
999 _c51293
_d51293